| 000 | 09891nas1a22007331i 4500 | ||
|---|---|---|---|
| 001 | RU\NLR\INFOCOMM15\1000068568 | ||
| 005 | 20240725205413.0 | ||
| 011 | _a0235-5558 | ||
| 035 | _a(NLR Aleph) 002748354 | ||
| 090 |
_a2118031 _c2118031 |
||
| 100 | _a20040211c1969 |||y0rusy50 ca | ||
| 101 | 0 | _arus | |
| 102 | _aRU | ||
| 110 | _azyu||||0|y0 | ||
| 200 | 1 |
_aГеология, методы поисков, разведки и оценки месторождений неметаллических полезных ископаемых _eОбзор. информ. _fВНИИ экономики минер. сырья и геол.-развед. работ (ВИЭМС) |
|
| 210 |
_aМ. _d1969- |
||
| 225 | 1 | _aОбзор | |
| 300 | _aВ надзаг. также: М-во геологии СССР | ||
| 300 | _aЗа 1971-1987 выходил ненум. выпусками. Описания см. в каталоге книг под загл. каждого выпуска | ||
| 311 | _aОбразовано в результате разделения: Обзор. Сер. "Методика съемки, поисков, разведки и оценки месторождений полезных ископаемых"/ ВНИИ экономики минер. сырья и геол.-развед. работ (ш. П7/1120) | ||
| 430 | 1 |
_12001#$aОбзор _12251#$aГеология, методы поисков и разведки месторождений неметаллических полезных ископаемых _tОбзор |
|
| 430 | 1 |
_12001#$aГеология, методы поисков и разведки месторождений неметаллических полезных ископаемых _tГеология, методы поисков и разведки месторождений неметаллических полезных ископаемых |
|
| 430 | 1 |
_12001#$aГеология, экономика, методы прогноза, поисков, оценки и разведки месторождений твердых полезных ископаемых _tГеология, экономика, методы прогноза, поисков, оценки и разведки месторождений твердых полезных ископаемых |
|
| 431 | 1 |
_12001#$aОбзор$iМетодика съемки, поисков, разведки и оценки месторождений полезных ископаемых$fВНИИ экономики минер. сырья и геол.-развед. работ _1852##$aNLR$jП7/1120 _tОбзор |
|
| 712 | 0 | 2 |
_aВсесоюзный научно-исследовательский институт экономики минерального сырья и геологоразведочных работ _4570 |
| 801 | 1 |
_aRU _bInfoComm _c20040211 |
|
| 801 | 0 |
_aRU _bNLR _gPSBO |
|
| 852 |
_aNLR _jП51/793 |
||
| 942 | _cSE | ||
| 980 | _aRUSPER | ||